Bacon Puzzles - Film and TV - Statistics

General Stats
  • This quiz has been taken 1,190 times
  • The average score is 3 of 15
Answer Stats
Film/TV show Co-star 1 Co-star 2 % Correct
Night at the Museum Ben Stiller Kim Raver
93%
Love Actually Hugh Grant Martine McCutcheon
65%
Two Weeks Notice Sandra Bullock Hugh Grant
53%
A Time To Kill Kiefer Sutherland Sandra Bullock
47%
Valentine's Day Emma Roberts Jessica Alba
19%
Gavin and Stacey Larry Lamb Adrian Scarborough
16%
Pretty Little Liars Holly Marie Combs Lucy Hale
15%
Scream 4 Lucy Hale Emma Roberts
14%
Eastenders Martine McCutcheon Larry Lamb
12%
Little Fockers Jessica Alba Ben Stiller
7%
Waterloo Road Sarah Hadland Jaye Jacobs
4%
Miranda Adrian Scarborough Sarah Hadland
1%
Charmed Hari Dhillon Holly Marie Combs
1%
Holby City Jaye Jacobs Hari Dhillon
1%
24 Kim Raver Kiefer Sutherland
1%
No matching quizzes found
Score Distribution
Percent of People with Each Score
Percentile by Number Answered
Your Score History
You have not taken this quiz